000 01195nam a22002057a 4500
008 250625b |||||||| |||| 00| 0 eng d
020 _a9781906137748
040 _aCUZ
_beng
_crda
_dCUZ
_erda
050 _aDT61.W67WOR
245 _aThe world of middle kingdom Egypt (2000-1550 BC):
_bContributions on archaeology ,art ,religion and written sources
_cedited by Gianluca Miniaci and Wolfra edited by Gianluca Miniaci and Wolfram Grajetzki
264 _aLondon
_bGolden house
_c©2022
300 _aextent xiv, 359pages
336 _atext
_btxt
337 _aunmediated
_bn
338 _2rdacarrier
610 _a
650 _a History of Europe, Asia, Africa and Oceania 
_a Africa 
_aHistory of Africa 
942 _cOS
_i61.W67WOR
_kDT
999 _c45182
_d45182